Geometry Dash Nine Circles - Statistics

General Stats
  • This quiz has been taken 196 times
  • The average score is 8 of 16
Answer Stats
Creator Answer % Correct
Zobros Nine Circles
100%
Cyclic Sonic Wave
86%
ZenthicAlpha Jawbreaker
81%
SuperpizzaLuigi Fairydust
80%
Dhafin Problematic
70%
Andromeda Poltergeist
67%
RedUniverse Crimson Clutter
50%
Specta Down Bass
49%
Suomi Ultimate Circles
39%
Pennutoh Bausha Vortex
34%
Suomi Space Circles
28%
Softable Realistic
27%
Giron Sharp Minor
26%
Knobbleboy Crying Souls
24%
Darkzz Classical
19%
EndLevel Flat Major
18%
No matching quizzes found
Score Distribution
Percent of People with Each Score
Percentile by Number Answered
Your Score History
You have not taken this quiz